00442nam a2200133Ia 4500008004100000082001200041100005600053245003100109260000900140264002700149942001300176952010200189999001700291231129s2006||||xx |||||||||||||| ||spa|| aER- 497 aInstituto Municipal de Cultura y Fomento al Turismo 0aPereira Cultural Nº 22 c2006 aPereira: [s.no.] 2006 2ddccBKS 00102ddc4070aBRCbBRCd2018-10-18l0oER- 497pER-497r2023-11-29 21:28:35t1w2023-11-29yBK c22649d22649